000 01129cam a22003014a 4500
001 12043540
005 20200421093816.0
008 000616s2000 cc a 001 0 eng
010 _a 00056498
020 _a059600026X
040 _aDLC
_cDLC
_dDLC
042 _apcc
050 0 0 _aQA76.76.H94
_bM875 2000
082 0 0 _a005.7/2
_221
100 1 _aMusciano, Chuck.
_9582
245 1 0 _aHTML and XHTML, the definitive guide /
_cChuck Musciano and Bill Kennedy.
250 _a4th ed.
260 _aBeijing ;
_aSebastopol [Calif.] :
_bO'Reilly,
_c2000.
300 _axvi, 655 p. :
_bill. ;
_c23 cm.
500 _aRev. ed. of HTML, the definitive guide. 2nd ed. c1997.
500 _aIncludes index.
650 0 _aHTML (Document markup language)
_9583
650 0 _aXHTML (Document markup language)
_9584
700 1 _aKennedy, Bill,
_d1951-
_9585
906 _a7
_bcbc
_corignew
_d1
_eocip
_f20
_gy-gencatlg
942 _2ddc
_cBK
999 _c26
_d26